000 00281nam a22001217a 4500
999 _c158762
_d158762
082 _a
_b
245 _aPersons and personality/
_cby Arthur Peacocke (ed.)
260 _aOxford:
_bBasil,
_c1987.
300 _a222p.
650 _a
700 _aArthur Peacocke (ed.)
942 _cBK